00618 a2200157 4500020001500000040001700015082001100032100002000043245010500063260004400168300003600212650002500248942002400273999001500297952014800312 a0201485559 aDLCbEnglish00a005.741 aPascal, Fabian.10aPractical issues in database management : a reference for the thinking practitioner cFabian Pascal. aBoston, Mass. :bAddison-Wesley,c2000. axxvii, 256 p. :bill. ;c24 cm. 0aDatabase management. cBKk005.74 PAS2ddc c6562d6562 001040708NFICaCLbCLcDATAd2003-03-04eprogressive International Agenciesg2845.56l0o005.74 PASpSEECS003171r2012-11-14w2017-01-05yBK